00460 2200169 4500245009600000020002200096250001100118100001900129700001500148650002400163005001900187260002700206041001400233084001100247300002300258336000900281 aDasar - Dasar Manajemen Pemasaran b : Konsep , Strategi , dan KasuscDanang SunyotohText a978-602-9324-05-1 aCet. 1 aDanang Sunyoto aTri Admojo aManajemen Pemasaran a20230414133017 aYogyakartabCAPSc2014 aIndonesia a658.81 a200 hlm. :c23 cm. atext